|
|
|
|
| LEADER |
01040nab#a2200361#ar4500 |
| 001 |
000108084 |
| 003 |
SVKKK |
| 005 |
20120511132813.0 |
| 008 |
110126c2008 xo |||||||||||||||b|slo |
| FMT |
|
|
|
| 015 |
|
|
|a SNBRB2012/05
|
| 038 |
|
|
|a SVKKK
|
| 040 |
|
|
|a SVKKK
|b slo
|e AACR2
|
| 041 |
0 |
|
|a slo
|
| 044 |
|
|
|a xo
|c SK
|
| 080 |
|
|
|a 551.44:061.3
|x (485)
|2 1997
|
| 080 |
|
|
|a 061.3
|x (485)
|2 1997
|
| 100 |
1 |
|
|a Nudzíková, Ľubica
|4 aut
|
| 245 |
1 |
0 |
|a Baltský speleologický kongres – Gotland, Švédsko
|c Ľubica Nudzíková
|
| 246 |
3 |
1 |
|a Baltic Speleological Congress – Gotland, Sweden
|
| 300 |
|
|
|b Fotogr.
|
| 611 |
2 |
4 |
|a Baltský speleologický kongres
|d (13.-15.8.2007 :
|c Gotland, Švédsko)
|
| 650 |
0 |
4 |
|a speleológia
|
| 650 |
0 |
4 |
|a kongresy
|y 2007
|z Gotland (Švédsko)
|
| 700 |
1 |
|
|a Summers, D.
|4 pht
|
| 773 |
0 |
|
|t Aragonit
|g Roč. 13, č. 1 (2008), s. 54
|x 1335-213X
|
| 974 |
|
|
|a MI
|
| 992 |
|
|
|a RBX
|
| BAS |
|
|
|
| 852 |
|
|
|a SVKKK
|b BIB
|
| 856 |
4 |
|
|u http://www.ssj.sk/edicna-cinnost/aragonit/13-1/
|
| EXP |
|
|
|
| 998 |
|
|
|a SLO
|